000 00770nam a2200265Ia 4500
003 OSt
005 20220924115334.0
006 a|||||r|||| 00| 0
007 ta
008 220923b |||||||| |||| 00| 0 urd d
020 _a9381029539
020 _cINR 200.00
024 _a324368
037 _b4931, 25/02/2017, Kitabi Duniya
_cTextual
040 _aARTS
_cARTS
_burd
041 _2urd
_aurd
082 _aO168,1N583x, Q6
100 _aJamali Shakeel Au.
_9177857
245 0 _aKatore mein chaand
260 _aDelhi
_bArshia publications India
_c2016
300 _a176p.
_ccm.
650 _aURDU POETRY
942 _hO168,1N583x, Q6
_cTEXL
_2CC
999 _c397909
_d397909